Putous-hahmot Quiz Stats

 Plays Quiz not verified by Sporcle

Challenge
Share
Tweet
Embed
Score 0/38 Timer 15:00
0 Plays Today
Hint Answer % Correct
2. TuotantokausiMunamies
97%
3. TuotantokausiUsko Eevertti Luttinen
81.8%
1. TuotantokausiMarja Tyrni
78.8%
5. TuotantokausiJanne 'Jäbä' Leisson
78.8%
4. TuotantokausiSisko Sikiö
75.8%
4. TuotantokausiVeli Sikiö
75.8%
5. TuotantokausiAntsku
75.8%
3. TuotantokausiJani-Petteri
72.7%
4. TuotantokausiKarim Z. Yskowicz
72.7%
2. TuotantokausiSui-Hing
69.7%
5. TuotantokausiYmmi Hinaaja
69.7%
4. TuotantokausiHänman
66.7%
1. TuotantokausiRaisa Reikänaama
63.6%
2. TuotantokausiMr. Mallorca
63.6%
3. TuotantokausiPiia Potka
63.6%
3. TuotantokausiLeena Hefner o.s. Herppeenluoma
63.6%
4. TuotantokausiSamppa Linna
63.6%
2. TuotantokausiTimo Harjakainen
60.6%
5. TuotantokausiSlaikka Gustafsson
60.6%
Hint Answer % Correct
1. TuotantokausiJuri Kakka
57.6%
1. TuotantokausiKete Rahkonen
57.6%
1. TuotantokausiJone Riksusta
54.5%
3. TuotantokausiKari 'Köli' Rautiainen
54.5%
4. TuotantokausiKristoffer Taxfree
54.5%
5. TuotantokausiMartin Niemi
54.5%
1. TuotantokausiVaalimaan Vampyyri
51.5%
4. TuotantokausiSanna-Raipe Helminen
51.5%
3. TuotantokausiSulo
48.5%
5. TuotantokausiSirkka 'Sika' Vainola
48.5%
1. TuotantokausiAimo Ala-Mansikka
45.5%
2. TuotantokausiPilvi Pouta
45.5%
3. TuotantokausiYosefina ”Yossu” Samantha Näätä
45.5%
3. TuotantokausiHieno Åhlgreen
45.5%
5. TuotantokausiJarmo Heikkinen eli Heikkis-Jamo
42.4%
2. TuotantokausiMikko Zetterberg
39.4%
2. TuotantokausiShamaani Pusutin
36.4%
2. TuotantokausiJari Potsi
36.4%
1. TuotantokausiBirger Borg
33.3%

You're not logged in!

Compare scores with friends on all Sporcle quizzes.
OR
Log In

You Might Also Like...

Show Comments

Extras

Created Feb 18, 2014ReportNominate
Tags:put

Top Quizzes Today


Score Distribution

Your Account Isn't Verified!

In order to create a playlist on Sporcle, you need to verify the email address you used during registration. Go to your Sporcle Settings to finish the process.

Report this User

Report this user for behavior that violates our Community Guidelines.

Details: